[Event "St Petersburg op"]
[Site "St Petersburg"]
[Date "1993.??.??"]
[Round "?"]
[White "Gavrilov, Alexei"]
[Black "Yakovich, Yuri"]
[Result "0-1"]
[WhiteElo "2415"]
[BlackElo "2525"]

1.e4 c5 2.Nf3 Nc6 3.Bb5 g6 4.Bxc6 bxc6 5.O-O Bg7 6.Re1 f6 7.c3 Nh6 8.d4 cxd4
9.cxd4 O-O 10.Nc3 d6 11.h3 Nf7 12.Be3 Bd7 13.Rc1 Qa5 14.Nd2 Qb4 15.b3 f5
16.exf5 Bxf5 17.Na4 Bd7 18.Nc4 Rae8 19.Rc2 Nh6 20.Bd2 Qb5 21.Nc3 Qf5 22.Bc1 Qf7
23.Bb2 Nf5 24.Ne4 Qd5 25.Rd2 Nh4 26.Qe2 Rf4 27.Kh2 Rff8 28.f3 Bxh3 29.Kxh3 Qh5
30.Kg3 d5 31.Nf2 Nf5+  0-1

[Event "St Petersburg op"]
[Site "St Petersburg"]
[Date "1993.??.??"]
[Round "?"]
[White "Ivanov, Al"]
[Black "Anastasian, Ashot"]
[Result "0-1"]
[WhiteElo "2475"]
[BlackElo "2530"]

1.e4 c5 2.Nf3 Nc6 3.Bb5 g6 4.O-O Bg7 5.Re1 Nf6 6.c3 a6 7.Bf1 O-O 8.d4 cxd4
9.cxd4 d5 10.e5 Ne4 11.Nbd2 Bg4 12.h3 Nxd2 13.hxg4 Nxf3+ 14.gxf3 Qb6 15.Be3 Qxb2
16.a4 Rab8 17.Re2 Qb6 18.Rb1 Qc7 19.Rc2 Qd7 20.f4 f5 21.Bh3 e6 22.Bc1 b5
23.axb5 axb5 24.Rc5 fxg4 25.Bxg4 Ne7 26.Qd3 b4 27.Bd2 Rb6 28.Qc2 Nc6 29.Be3 Rfb8
30.Qb3 Ne7 31.Rbc1 R6b7 32.Ra1 Bf8 33.Ra6 Rb6 34.Rca5 Nf5 35.Be2 Rxa6 36.Rxa6 Rc8
37.Qa2 Be7 38.Ra7 Rc7 39.Ra8+ Kg7 40.Qa6 Rb7 41.Qa2 Qc6 42.Qb3 Rc7 43.Ra2 Qc3
44.Qxc3 Rxc3 45.Bd2 Ra3 46.Rxa3 bxa3 47.Bc3 Bd8  0-1

[Event "St Petersburg op"]
[Site "St Petersburg"]
[Date "1993.??.??"]
[Round "?"]
[White "Kochyev, Alexander"]
[Black "Moskalenko, Viktor"]
[Result "0-1"]
[WhiteElo "2475"]
[BlackElo "2555"]

1.e4 c5 2.Nf3 Nc6 3.Bb5 e6 4.Bxc6 bxc6 5.O-O Ne7 6.Re1 Ng6 7.e5 Be7 8.Na3 O-O
9.Nc4 f6 10.d3 Ba6 11.Qe2 Bxc4 12.dxc4 Qc7 13.exf6 gxf6 14.Bh6 Rf7 15.h4 Bf8
16.Bxf8 Raxf8 17.Qe3 Rg7 18.Qxc5 Qf4 19.Re3 Qg4 20.Nh2 Qxh4 21.g3 Qh3 22.Kh1 Ne5
23.g4 Qh4 24.f3 h5 25.Rg1 hxg4 26.Qd4 c5 27.Qf4 d6 28.fxg4 f5 29.Qg3 Qh7
30.Rxe5 dxe5 31.Qxe5 fxg4 32.Qxe6+ Kh8 33.Qe5 Qf5 34.Qxf5 Rxf5 35.Rxg4 Rxg4
36.Nxg4 Rf4 37.Ne3 Re4 38.Nd5 Rxc4 39.c3 Rg4 40.b4 Rg5 41.Nc7 cxb4 42.cxb4 Re5
43.a4 Re7 44.Na6 Re6 45.Nc5 Re2 46.Kg1 Rb2 47.b5 Kg7 48.Kf1 Kf6 49.Ke1 Ke7
50.Kd1 Rb4 51.Kd2 Kd6 52.Na6 Rxa4 53.Kc3 Rh4 54.Kb3 Kd5 55.Kc3 Rh1 56.Kb3 Kd4
57.Nc7 Kc5  0-1

[Event "St Petersburg op"]
[Site "St Petersburg"]
[Date "1993.??.??"]
[Round "?"]
[White "Minasian, Artashes"]
[Black "Cherniaev, Alexander"]
[Result "1-0"]
[WhiteElo "2535"]
[BlackElo "2420"]

1.e4 c5 2.Nf3 Nc6 3.Bb5 g6 4.O-O Bg7 5.c3 Nf6 6.d4 cxd4 7.cxd4 a6 8.Bxc6 dxc6
9.Nc3 O-O 10.h3 a5 11.Bf4 a4 12.Re1 Qa5 13.Bd2 Qa6 14.Qc2 Be6 15.Rac1 Rfd8
16.Qb1 Bc4 17.Bg5 Bd3 18.Qa1 h6 19.Bf4 Nh5 20.Be5 Bxe5 21.Nxe5 Rxd4 22.Rcd1 Rad8
23.Qc1 Kg7 24.Qe3 Nf6 25.Nf3 Rb4 26.e5 Nd5 27.Qxd3 Qxd3 28.Rxd3 Rxb2 29.Nxa4 Rxa2
30.Nb6 Rb2 31.Nxd5 Rxd5 32.Rxd5 cxd5 33.Rc1 e6 34.h4 b5 35.Rc7 b4 36.Rb7 Rb1+
37.Kh2 b3 38.Nd4 b2 39.Nxe6+ Kg8 40.Nf4  1-0

[Event "Stockerau op"]
[Site "Stockerau"]
[Date "1993.??.??"]
[Round "4"]
[White "Todorov, Todor"]
[Black "Darchia, Diana"]
[Result "1-0"]
[WhiteElo "2230"]
[BlackElo "2035"]

1.e4 c5 2.Nf3 Nc6 3.Bb5 d6 4.d4 Qb6 5.Nc3 cxd4 6.Nd5 Qd8 7.Nxd4 Bd7 8.Bg5 Nxd4
9.Bxd7+ Qxd7 10.Qxd4 e6 11.Nc3 Ne7 12.Bxe7 Bxe7 13.Qxg7 O-O-O 14.Qxf7 Rdf8
15.Qh5 Bf6 16.O-O Rhg8 17.Qb5 Qg7 18.g3 Qg4 19.Rad1 Be5 20.Qc4+ Kb8 21.Nb5 Qh3
22.Rd3 Rc8 23.Qa4 a6 24.Nxd6 Rcd8 25.Rfd1 Rdf8 26.Rb3 Bxd6 27.Rxd6 Rg7 28.Rd7 Rxg3+
29.hxg3  1-0

[Event "Rilton Cup op9394"]
[Site "Stockholm"]
[Date "1993.??.??"]
[Round "2"]
[White "Degerman, Lars"]
[Black "Bator, Robert"]
[Result "1-0"]
[WhiteElo "2460"]
[BlackElo "2380"]

1.e4 c5 2.Nf3 Nc6 3.Bb5 g6 4.Bxc6 dxc6 5.d3 Bg7 6.h3 e5 7.O-O Ne7 8.a3 h6
9.b4 cxb4 10.axb4 g5 11.Bb2 Ng6 12.Nbd2 Be6 13.Nc4 Qc7 14.Ne3 O-O 15.Nf5 Rfd8
16.Nxg7 Kxg7 17.Nxe5 Nxe5 18.f4 gxf4 19.Qh5 f6 20.Rxf4 Qf7 21.Qh4 Ng6 22.Qxf6+ Kg8
23.Qc3 Qh7 24.Rf6 Bf7 25.Raf1 Rd7 26.R1f3 Re8 27.Rg3 Rde7 28.h4 h5 29.Qc5 Re6
30.Rf5 b6 31.Qd4 Kf8 32.Rgf3 Ne5 33.R3f4 Kg8 34.Rg5+ Kf8 35.Rff5 Qh8 36.Rxe5 Rxe5
37.Qd6+ R8e7 38.Bxe5 Qh7 39.Bf6 Be8 40.Bxe7+ Qxe7 41.Rf5+ Bf7 42.Qxe7+ Kxe7
43.Kf2 Kd6 44.Ke3  1-0

[Event "EU-ch U18 Girls"]
[Site "Svitavy"]
[Date "1993.??.??"]
[Round "1"]
[White "Gaponenko, Inna"]
[Black "Relic, Rajna"]
[Result "1-0"]
[WhiteElo "2265"]
[BlackElo "2045"]

1.e4 c5 2.Nf3 Nc6 3.Bb5 g6 4.O-O Bg7 5.Bxc6 bxc6 6.Re1 Nf6 7.e5 Nd5 8.c4 Nc7
9.d4 cxd4 10.Qxd4 Ne6 11.Qh4 h6 12.Nc3 Rb8 13.Rb1 Qc7 14.Bd2 d6 15.exd6 Qxd6
16.Ne4 Qc7 17.Bc3 Bxc3 18.Nxc3 Nf4 19.Rxe7+ Qxe7 20.Qxf4 O-O 21.Qxb8 Bf5
22.Qe5 Qxe5 23.Nxe5 Bxb1 24.Nxb1 Re8 25.Nf3 g5 26.h3 Kg7 27.Nc3 Kg6 28.Kf1 f5
29.Nd4 Rc8 30.Ke2 Kf6 31.Kd3 Rd8 32.Ke3 Rc8 33.f4 Rc7 34.Kf3 Rc8 35.Na4 Kg6
36.Nc5 Kf6 37.Nd7+ Ke7 38.Ne5 c5 39.Nxf5+ Ke6 40.Nxh6 gxf4 41.Ng6  1-0

[Event "SWE-chT 9293"]
[Site "SWE"]
[Date "1993.??.??"]
[Round "7"]
[White "Marttala, Thomas"]
[Black "Sandstrom, Ludvig"]
[Result "0-1"]
[WhiteElo "2265"]
[BlackElo "2275"]

1.e4 c5 2.Nf3 Nc6 3.Bb5 g6 4.O-O Bg7 5.Nc3 Nf6 6.d3 O-O 7.Re1 Ne8 8.Bxc6 bxc6
9.Be3 Rb8 10.Qc1 d6 11.d4 Bg4 12.dxc5 Bxf3 13.gxf3 Qa5 14.Rb1 dxc5 15.Bh6 Nc7
16.Bxg7 Kxg7 17.Qf4 Ne6 18.Qe5+ Kg8 19.Red1 Rfd8 20.Rxd8+ Rxd8 21.b4 Qa3
22.bxc5 Nd4 23.Qxe7 Rf8 24.Nd1 Qxf3 25.Ne3 Ne2+ 26.Kf1 Nf4  0-1

[Event "SWZ-chT"]
[Site "?"]
[Date "1993.??.??"]
[Round "?"]
[White "Domont, Alexandre"]
[Black "Jakob, Simon"]
[Result "1-0"]
[WhiteElo "2350"]
[BlackElo "2280"]

1.e4 c5 2.Nf3 Nc6 3.Bb5 d6 4.O-O e5 5.c3 a6 6.Bxc6+ bxc6 7.Qa4 Bd7 8.Na3 Nf6
9.d3 Be7 10.Nc4 O-O 11.Bg5 Qc7 12.Nh4 d5 13.Ne3 g6 14.f4 exf4 15.Bxf4 Qb7
16.Bg5 Kg7 17.e5 Ng8 18.Bxe7 Nxe7 19.Qf4 Ng8 20.e6 Bxe6 21.Qe5+ Kh6 22.Rf6 Nxf6
23.Qxf6 Qd7 24.Rf1 Qd8 25.Nhf5+ Bxf5 26.Nxf5+ Kh5 27.Qg7 Kg5 28.h4+ Kg4 29.Ne3+ Kxh4
30.Qh6+  1-0

[Event "SWZ-chT"]
[Site "?"]
[Date "1993.??.??"]
[Round "?"]
[White "Bichsel, Walter"]
[Black "Preissmann, Emmanuel"]
[Result "1/2-1/2"]
[WhiteElo "2305"]
[BlackElo "2340"]

1.e4 c5 2.Nf3 Nc6 3.Bb5 g6 4.O-O Bg7 5.Re1 Nf6 6.e5 Nd5 7.Nc3 Nc7 8.Bxc6 dxc6
9.d3 O-O 10.h3 Ne6 11.Ne4 Qc7 12.Neg5 Nd8 13.Bf4 h6 14.Ne4 Ne6 15.Bg3 Qb6
16.Rb1 Rd8 17.b3 a5 18.a4 Qa7 19.Qc1 b6 20.h4 Qd7 21.Bf4 Nxf4 22.Qxf4 Qg4
23.Qxg4 Bxg4 24.Ned2 Rd5 25.Nc4 Bxf3 26.gxf3 Rb8 27.Kg2 e6 28.f4 h5 29.Kg3 Bf8
30.Nd2 Be7 31.Ne4 Kg7 32.Nc3 Rd4 33.Re4 Rd7 34.Rd1 Rbd8 35.Rde1 Rb7 36.Rd1 Ra8
37.Rde1 Rd7 38.Rd1 Kf8 39.Re2 Rd4 40.Re4 Rad8 41.Rde1 R4d7 42.Rd1 Rb7 43.Ree1 b5
44.Ra1 c4 45.dxc4 bxc4 46.Rab1 cxb3 47.Rxb3 Rxb3 48.cxb3 Rb8 49.Rb1 Rb4 50.f3 Ke8
51.Ne4 Rd4 52.Rc1 Kd7 53.Rc2 Bb4 54.Kf2 Kc7 55.Ke2 Be7 56.Ke3 Rb4 57.Rc3 Bxh4
58.Nd6 Bg3 59.Nc4 h4 60.Nxa5 Bxf4+ 61.Kf2 Bxe5 62.Rxc6+ Kd7 63.Rc4 Rxc4 64.Nxc4 Bc7
65.b4 Kc6 66.Kg2 Kd5 67.Ne3+ Kd4 68.Ng4 f5 69.Nf6 Kc4 70.b5 Kb4 71.Nd7 e5
72.b6 Bd6 73.b7 e4 74.fxe4 fxe4 75.Nf6 e3 76.Nd5+ Kxa4 77.Nxe3 Kb5  1/2-1/2

[Event "SWZ-chT"]
[Site "?"]
[Date "1993.??.??"]
[Round "?"]
[White "Hug, Marcel"]
[Black "Schoch, Heinz"]
[Result "1-0"]
[WhiteElo "2235"]
[BlackElo "2230"]

1.e4 c5 2.Nf3 Nc6 3.Bb5 e6 4.O-O Nge7 5.Re1 a6 6.Bf1 Ng6 7.c3 d5 8.exd5 Qxd5
9.d4 cxd4 10.cxd4 Bb4 11.Nc3 Qa5 12.d5 Nd8 13.Bd2 O-O 14.a3 Bxc3 15.Bxc3 Qxd5
16.Qxd5 exd5 17.Bb4 Bg4 18.Bxf8 Kxf8 19.Nd4 Nc6 20.Nxc6 bxc6 21.Rac1 Bd7
22.Re3 Nf4 23.Rb3 Ke7 24.g3 Ne6 25.Bh3 Kd6 26.Bxe6 fxe6 27.Rf3 c5 28.Rf7 Rg8
29.Kf1 c4 30.Ke2 Bb5 31.Kd2 e5 32.f4 exf4 33.Rxf4 Bd7 34.Re1 Rb8 35.Kc2 Be6
36.Ref1 Rb6 37.Rf8 Kc5 38.R1f4 d4 39.Rd8 d3+ 40.Kc1 a5 41.Rh4 Bf5 42.Rh5 Rf6
43.Kd2 Rf7 44.Kc3 g6 45.Rh4 Be6 46.Re4 Rf6 47.Rf4 Rxf4 48.gxf4 Bd5 49.Rh8 h5
50.f5 gxf5 51.Rxh5 Be6 52.Rh8 Kd5 53.h4 f4 54.h5 Bf7 55.h6 f3  1-0

[Event "Szeged op"]
[Site "Szeged"]
[Date "1993.??.??"]
[Round "8"]
[White "Sedlak, Ivan"]
[Black "Apro, Adrian"]
[Result "0-1"]
[WhiteElo "2240"]
[BlackElo "2125"]

1.e4 c5 2.Nf3 Nc6 3.Bb5 d6 4.d4 cxd4 5.Nxd4 Bd7 6.O-O Nf6 7.Nc3 Nxd4 8.Qxd4 Bxb5
9.Nxb5 a6 10.Nc3 g6 11.Bg5 Bg7 12.Nd5 O-O 13.Bxf6 Bxf6 14.Qb4 e6 15.Nxf6+ Qxf6
16.Rad1 b5 17.Rxd6 Rfc8 18.Qb3 Qe5 19.Rfd1 Qxe4 20.c3 Rc4 21.Qa3 Ra4 22.Rd8+ Rxd8
23.Rxd8+ Kg7 24.Qf8+ Kf6 25.h3 Rxa2 26.Rd7 Ra1+ 27.Kh2 Qf4+  0-1

[Event "Szombathely"]
[Site "Szombathely"]
[Date "1993.??.??"]
[Round "7"]
[White "Ruck, Tamas"]
[Black "Korpics, Zsolt"]
[Result "1/2-1/2"]
[WhiteElo "2285"]
[BlackElo "2320"]

1.e4 c5 2.Nf3 Nc6 3.Bb5 d6 4.O-O Bd7 5.Re1 Nf6 6.c3 a6 7.Bf1 Bg4 8.h3 Bxf3
9.Qxf3 g6 10.d3 Bg7 11.g3 O-O 12.Nd2 Rc8 13.Bg2 b5 14.Qe2 Nd7 15.Nf1 b4 16.Qc2 Qa5
17.Bd2 Nb6 18.Ne3 Qa4  1/2-1/2

[Event "EU-ch U16"]
[Site "Szombathely"]
[Date "1993.??.??"]
[Round "7"]
[White "Kaminski, Marcin"]
[Black "Kempinski, Robert"]
[Result "1/2-1/2"]
[WhiteElo "2400"]
[BlackElo "2340"]

1.e4 c5 2.Nf3 Nc6 3.Bb5 Nf6 4.e5 Nd5 5.O-O Nc7 6.Bxc6 dxc6 7.h3 g6 8.Nc3 Bg7
9.Ne4 b6 10.Re1 O-O 11.d3 Ne6 12.Neg5 Nd4 13.Nxd4 cxd4  1/2-1/2

[Event "Ufa"]
[Site "Ufa"]
[Date "1993.??.??"]
[Round "?"]
[White "Bezgodov, Alexei"]
[Black "Kozirev, Alexander"]
[Result "1/2-1/2"]
[WhiteElo "2345"]
[BlackElo "2335"]

1.e4 c5 2.Nf3 Nc6 3.Bb5 e6 4.c3 Nge7 5.d4 cxd4 6.cxd4 d5 7.e5 Bd7 8.Nc3 Nf5
9.O-O Qb6 10.Ba4 h5 11.Ne2 Be7 12.Bc2 h4 13.h3 O-O-O 14.b4 Bxb4 15.Rb1 Qc7
16.Bd2 Be7 17.Bxf5 exf5 18.Nc3 Be6 19.Nb5 Qd7 20.Bg5 Kb8 21.Qa4 Rc8 22.Bxe7 Qxe7
23.Rfc1 Ka8 24.Ng5 Rhd8 25.f4 a6 26.Nf3 Na7 27.Nd6 Rxc1+ 28.Rxc1 Nc8 29.Nxc8 Rxc8
30.Rxc8+ Bxc8 31.Qc2 Kb8 32.Qf2 b5 33.Nxh4 b4 34.Nf3 a5 35.Qe2 Qb7  1/2-1/2

[Event "UZB-ch"]
[Site "?"]
[Date "1993.??.??"]
[Round "3"]
[White "Galakhov, S."]
[Black "Iuldachev, Saidali"]
[Result "0-1"]
[WhiteElo "2300"]
[BlackElo "2410"]

1.e4 c5 2.Nf3 Nc6 3.Bb5 e6 4.O-O Nge7 5.b3 a6 6.Bxc6 Nxc6 7.Bb2 d5 8.exd5 Qxd5
9.Nc3 Qd8 10.Ne4 b5 11.Nfg5 Nd4 12.c3 Nf5 13.Qh5 g6 14.Qf3 Be7 15.Nxc5 Qd5
16.Nge4 O-O 17.c4 bxc4 18.bxc4 Qxc4 19.Qf4 Qd5 20.Qc7 f6 21.Rfe1 e5 22.Na4 Bd8
23.Qc2 Bb7 24.Nac5 Bc6 25.Qb3 Rf7 26.Rac1 Qxb3 27.Nxb3 Bd5 28.Rc5 Rd7 29.Bc3 Rb8
30.h3 Kf7 31.Ba5 Be7 32.Rc3 Rb5 33.Rd3 Be6 34.Rxd7 Bxd7 35.Bc3 Be6 36.Ra1 Ba3
37.f3 Nd6 38.Nxd6+ Bxd6 39.Kf2 Bc7 40.Ke2 a5 41.Rc1 Bb6 42.Na1 Bxa2 43.Nc2 Bc4+
44.d3 Bb3 45.Kd2 a4 46.Rf1 Ba5  0-1

[Event "EU-ch U18"]
[Site "Vejen"]
[Date "1993.??.??"]
[Round "1"]
[White "Vedder, Henk"]
[Black "Lassila, Erkki"]
[Result "1-0"]
[WhiteElo "2385"]
[BlackElo "2115"]

1.e4 c5 2.Nf3 Nc6 3.Bb5 e6 4.O-O d6 5.d4 cxd4 6.Qxd4 Bd7 7.Qd3 Be7 8.Nc3 a6
9.Bxc6 bxc6 10.Bf4 e5 11.Bg3 Nf6 12.Nd2 O-O 13.Nc4 Be6 14.Rad1 Bxc4 15.Qxc4 Qb6
16.b3 Rfd8 17.Qe2 g6 18.Rd3 Nh5 19.Rfd1 Nxg3 20.hxg3 Rd7 21.Na4 Qa7 22.Nb2 Rad8
23.Nc4 f6 24.Rc3 Rc7 25.Ne3 Kg7 26.Qc4 Bf8 27.Qe6 Qb7 28.Rcd3 Re7 29.Qg4 Red7
30.c4 c5 31.Nd5 Rf7 32.Qe2 Qd7 33.g4 Re8 34.Ne3 Kh8 35.Qb2 Re6 36.Qa3 Qc6
37.Rd5 Bh6 38.Nf1 f5 39.gxf5 gxf5 40.Ng3 fxe4 41.Nxe4 Rg6 42.Nxd6 Rfg7 43.g3 Qd7
44.Ne4 Qh3 45.Rd8+ Rg8 46.Qxc5 Bf4 47.Rxg8+ Rxg8 48.Qd6 h5 49.Qd7 Rxg3+ 50.Nxg3  1-0

[Event "EU-ch U18"]
[Site "Vejen"]
[Date "1993.??.??"]
[Round "3"]
[White "Vedder, Henk"]
[Black "Nilssen, John Arni"]
[Result "1/2-1/2"]
[WhiteElo "2385"]
[BlackElo "2265"]

1.e4 c5 2.Nf3 Nc6 3.Bb5 g6 4.O-O Bg7 5.c3 Nf6 6.Re1 O-O 7.e5 Nd5 8.d4 cxd4
9.cxd4 d6 10.Nc3 Nc7 11.Bxc6 bxc6 12.exd6 Qxd6 13.Be3 Ne6 14.Ne5 c5 15.Qf3 cxd4
16.Qxa8 dxe3 17.Ng4 Nc5 18.Qxa7 Bxg4 19.Rxe3 Nd7 20.Qa4 Qd4 21.Qa3 Nc5 22.h3 Bh6
23.Nb5 Qa4 24.Rc3 Be2 25.Qxc5 Qxb5 26.Qxb5 Bxb5 27.a4 Ra8 28.Rca3 Bc6 29.b4 Bg7
30.R1a2 Bd5 31.Rc2 Be5 32.Rc5 e6 33.a5 Bd6 34.Rb5 Kf8 35.a6 Ke8 36.a7 Kd7
37.Rb6 Bc7 38.Rb5 Bd6 39.Rb6 Bc7 40.Rb5 Kc6 41.Rc5+ Kb7 42.g3 Bb6 43.Rc1 Rxa7
44.Rxa7+ Bxa7 45.Kf1 Bb8 46.Ke2 Kb6 47.Rc8 Bd6 48.g4 Bxb4 49.Rh8 Bc4+ 50.Kf3 Bd5+
51.Ke2 Bc4+ 52.Kf3 Bd5+  1/2-1/2

[Event "Velden op"]
[Site "Velden"]
[Date "1993.??.??"]
[Round "4"]
[White "Hresc, Vladimir"]
[Black "Horvath, Jozsef"]
[Result "0-1"]
[WhiteElo "2385"]
[BlackElo "2535"]

1.e4 c5 2.Nf3 Nc6 3.Bb5 g6 4.O-O Bg7 5.Re1 Nf6 6.Nc3 O-O 7.e5 Ne8 8.Bxc6 dxc6
9.d3 Nc7 10.h3 Ne6 11.Ne4 b6 12.Neg5 a5 13.Nxe6 Bxe6 14.Be3 a4 15.a3 Ra7
16.Qe2 Bd5 17.Bf4 Rd7 18.Rac1 h6 19.c4 Be6 20.Qc2 Bf5 21.Re3 g5 22.Bh2 Qa8
23.g4 Bh7 24.Nd2 f5 25.exf6 exf6 26.Ne4 f5 27.gxf5 Bd4 28.Rf3 Rxf5 29.Qe2 Rxf3
30.Qxf3 Rf7 31.Qg2 Qe8 32.Rc2 Bxe4 33.Qxe4 Qxe4 34.dxe4 Rf3 35.h4 g4 36.e5 g3  0-1

[Event "Women-Veterans"]
[Site "Vienna"]
[Date "1993.??.??"]
[Round "?"]
[White "Dueckstein, Andreas"]
[Black "Galliamova, Alisa"]
[Result "0-1"]
[WhiteElo "2350"]
[BlackElo "2445"]

1.e4 c5 2.Nf3 Nc6 3.Bb5 e6 4.O-O Nge7 5.Re1 a6 6.Bf1 d5 7.exd5 Qxd5 8.Nc3 Qd8
9.b3 Nf5 10.Bb2 Be7 11.g3 O-O 12.Bg2 Qc7 13.d3 b6 14.Qd2 Bb7 15.Ne4 Rfd8
16.Rad1 Rac8 17.c3 Rd7 18.Qc2 Rcd8 19.Bc1 a5 20.Bf4 Qc8 21.Ne5 Nxe5 22.Bxe5 Ba6
23.c4 Nd4 24.Bxd4 Rxd4 25.Nc3 Qd7 26.Re3 Bg5 27.f4 Bf6 28.Kh1 g6 29.a4 Qc8
30.Bf3 h5 31.Nb5 R4d7 32.h4 Qb8 33.Qg2 e5 34.fxe5 Bxe5 35.Bc6 Re7 36.Rde1 Bc8
37.Bd5 Rde8 38.d4 Bf6 39.Rxe7 Rxe7 40.Rxe7 Bxe7 41.Qe4 Kf8 42.Kg2 Bf5 43.Qe3 Qd8
44.Qh6+ Kg8 45.Qf4 Kg7 46.Bf3 cxd4 47.Nxd4 Bc8 48.Nc6 Qd6 49.Nxe7 Qxe7 50.Qd4+ Qf6
51.Qe3 Bf5 52.Bd5 Qb2+ 53.Kg1 Qb1+ 54.Kh2 Qb2+ 55.Kg1 Qf6 56.Bg2 Bc2 57.Kh2 Bd1
58.c5 bxc5 59.Qxc5 Qb2 60.Kg1 Qxb3 61.Qe5+ Kh7 62.Bd5 Qb1 63.Kf2 Qc2+ 64.Kf1 Qd3+
65.Kg1 Qb1 66.Kf2 Qb6+ 67.Ke1 Qg1+ 68.Kd2 Bxa4 69.Be4 Qd1+ 70.Ke3 Qe1+ 71.Kd3 Qb1+
72.Ke3 Qb6+ 73.Kd2 Kg8 74.Bd5 Bd7 75.Qg5 a4 76.Bc4 Qd4+ 77.Bd3 Bf5  0-1

[Event "Women-Veterans"]
[Site "Vienna"]
[Date "1993.??.??"]
[Round "?"]
[White "Olafsson, Fridrik"]
[Black "Galliamova, Alisa"]
[Result "1-0"]
[WhiteElo "2485"]
[BlackElo "2445"]

1.e4 c5 2.Nf3 Nc6 3.Bb5 e6 4.O-O Nge7 5.c3 a6 6.Ba4 b5 7.Bc2 Bb7 8.Re1 Rc8
9.a4 b4 10.d4 bxc3 11.d5 cxb2 12.Bxb2 Nb4 13.Nc3 Ng6 14.Na2 c4 15.Qd2 Nxc2
16.Qxc2 Nf4 17.Bd4 Ba8 18.Rab1 d6 19.Nb4 a5 20.Nc6 Bxc6 21.dxc6 Rxc6 22.Rb7 Nd3
23.Rd1 Nb4 24.Qc3 f6 25.Ba7 e5 26.Nh4 Na6 27.Nf5 g6 28.Ne3 Rg8 29.Nd5 Rg7
30.Bb6 Rxb6 31.Rxb6 Nb4 32.Qxc4 Nxd5 33.Qb5+ Ke7 34.Rxd5 Kf7 35.Qb3 Ke7 36.Rb7+ Ke6
37.Rxd6+ Kxd6 38.Qd5+  1-0

[Event "Vinkovci"]
[Site "Vinkovci"]
[Date "1993.??.??"]
[Round "3"]
[White "Sax, Gyula"]
[Black "Muse, Mladen"]
[Result "0-1"]
[WhiteElo "2515"]
[BlackElo "2485"]

1.e4 c5 2.Nf3 Nc6 3.Bb5 e6 4.O-O Nge7 5.c3 a6 6.Ba4 d5 7.exd5 Qxd5 8.d4 Bd7
9.dxc5 Qxc5 10.Ng5 Nd5 11.Qh5 Qe7 12.c4 Nf6 13.Qh4 Nd4 14.Nc3 Bxa4 15.Nxa4 Rd8
16.c5 Ne2+ 17.Kh1 Rd4 18.Qh3 Rxa4 19.Re1 Nxc1 20.Raxc1 Qd7 21.Qb3 Rd4 22.Nf3 Rd5
23.c6 bxc6 24.Ne5 Qc7 25.Nxc6 Bc5 26.Nb4 Rh5 27.Qa4+ Kf8 28.g3 Ng4 29.h4 Rxh4+  0-1

[Event "Voskresensk"]
[Site "Voskresensk"]
[Date "1993.??.??"]
[Round "?"]
[White "Zaitsev, Igor A"]
[Black "Nadyrhanov, S."]
[Result "1/2-1/2"]
[WhiteElo "2415"]
[BlackElo "2460"]

1.e4 c5 2.Nf3 Nc6 3.Bb5 g6 4.O-O Bg7 5.c3 Nf6 6.e5 Nd5 7.d4 Nc7 8.Ba4 O-O
9.dxc5 Nxe5 10.Nxe5 Bxe5 11.Bh6 Bg7 12.Bxg7 Kxg7 13.c4 Ne6 14.Nc3 Qa5 15.Nd5 Qxc5
16.b4 Qxc4 17.Rc1 Qxa2 18.Re1 b5 19.Bxb5 Bb7 20.Nc3 Qa3 21.Qxd7 Rac8 22.Qxe7 Rxc3
23.Rxc3 Qxc3 24.Rxe6 Rc8 25.h4 Rc7 26.Re3 Rxe7 27.Rxc3 Re1+ 28.Kh2 Rb1 29.Rc7 Bd5
30.Rd7 Be6 31.Rxa7 Rxb4 32.Bd7 Rxh4+ 33.Kg3 Rg4+ 34.Kf3 Bxd7 35.Rxd7 h5 36.g3 Ra4
37.Rb7 g5 38.Rb5 f6 39.Rb8 Kg6 40.Rh8 Ra2 41.Rg8+ Kf5 42.Rb8 Ra3+ 43.Kg2 Kg4
44.Rg8 f5 45.Rh8 Rd3 46.Rc8 Rf3 47.Rg8 Rd3  1/2-1/2

[Event "Voskresensk2"]
[Site "Voskresensk"]
[Date "1993.??.??"]
[Round "?"]
[White "Blodstein, Arkady"]
[Black "Nadanian, Ashot"]
[Result "1-0"]
[WhiteElo "2370"]
[BlackElo "2285"]

1.e4 c5 2.Nf3 Nc6 3.Bb5 d6 4.O-O Bd7 5.Re1 a6 6.Bxc6 Bxc6 7.d4 cxd4 8.Nxd4 Bd7
9.b3 Nf6 10.c4 g6 11.Nc3 Bg7 12.Bb2 O-O 13.Qe2 Ne8 14.Red1 Rb8 15.Rac1 Nc7
16.Nd5 Ne6 17.Nxe6 Bxe6 18.Bxg7 Kxg7 19.c5 Rc8 20.Qb2+ Kg8 21.cxd6 Rxc1 22.Qxc1 exd6
23.Ne3 Qa5 24.Qd2 Qxd2 25.Rxd2 Rd8 26.f4 Kf8 27.g4 Ke7 28.Kf2 f6 29.Rc2 Rd7
30.Rc8 d5 31.Rh8 dxe4 32.Rxh7+ Kd6 33.Rh6 Bf7 34.h4 Ke7 35.Ke2 Kf8 36.g5 f5
37.h5 Kg7 38.hxg6 Bxg6 39.Rh1 Rd3 40.Rh6 b5 41.Ng2 Rd8 42.Ke1 Rd6 43.Nh4 Re6
44.Ke2 Kf7 45.Ke3 Kg7 46.a4 b4 47.a5 Kf7 48.Rxg6  1-0

[Event "Voskresensk"]
[Site "Voskresensk"]
[Date "1993.??.??"]
[Round "?"]
[White "Odeev, Handszar"]
[Black "Belikov, Vladimir"]
[Result "1-0"]
[WhiteElo "2405"]
[BlackElo "2450"]

1.e4 c5 2.Nf3 Nc6 3.Bb5 e6 4.O-O Nge7 5.c3 a6 6.Ba4 b5 7.Bc2 Bb7 8.d4 cxd4
9.Nxd4 Ng6 10.a4 b4 11.Nxc6 Bxc6 12.cxb4 Qb8 13.Ra3 Bxb4 14.Rh3 Bd6 15.Nd2 O-O
16.Nc4 Bf4 17.e5 Bxc1 18.Qxc1 f5 19.f4 Qb4 20.b3 Bxa4 21.Qd1 Rfc8 22.Nd6 Bb5
23.Qh5 Qd4+ 24.Kh1 Bxf1 25.Qxh7+ Kf8 26.Qxg6 Bxg2+ 27.Qxg2 Qa1+ 28.Qg1 Qxg1+
29.Kxg1 Rcb8 30.Bd1 Kg8 31.Bh5 g5 32.fxg5 a5 33.Bf7+ Kf8 34.g6 Ke7 35.Rh7 a4
36.bxa4 Rxa4  1-0

[Event "Warsaw op"]
[Site "Warsaw"]
[Date "1993.??.??"]
[Round "3"]
[White "Yandemirov, Valeri"]
[Black "Myc, Marcin"]
[Result "1-0"]
[WhiteElo "2465"]
[BlackElo "2245"]

1.e4 c5 2.Nf3 Nc6 3.Bb5 e6 4.b3 Nge7 5.O-O a6 6.Bxc6 Nxc6 7.Bb2 d6 8.d4 cxd4
9.Nxd4 e5 10.Nf5 g6 11.Ne3 Be7 12.Nc3 O-O 13.Ncd5 Bg5 14.Nc4 b5 15.Ncb6 Rb8
16.Nxc8 Qxc8 17.a4 Ne7 18.Nb4 Rd8 19.axb5 axb5 20.Ra6 Qc7 21.Qd3 Rb6 22.Rfa1 Rxa6
23.Rxa6 d5 24.Nxd5 Qc8 25.Ra1 Nxd5 26.exd5 Qc5 27.c4 Bf6 28.Qe3 Qb4 29.Ba3 Qa5
30.Bb2 Qb4 31.Ba3 Qa5 32.Qe1 Qxe1+ 33.Rxe1 Ra8 34.Bd6 bxc4 35.bxc4 Ra4 36.c5 e4
37.c6 Rc4 38.Kf1 Bd8 39.Bf4 f6 40.Rc1 Rxc1+ 41.Bxc1 Bc7 42.Ba3  1-0

[Event "Warsaw op"]
[Site "Warsaw"]
[Date "1993.??.??"]
[Round "6"]
[White "Deszczynski, Adam"]
[Black "Nurkiewicz, Maciej"]
[Result "1-0"]
[WhiteElo "2255"]
[BlackElo "2125"]

1.e4 c5 2.Nf3 Nc6 3.Bb5 d6 4.O-O Bg4 5.h3 Bh5 6.Bxc6+ bxc6 7.d3 e6 8.Re1 h6
9.Nbd2 Ne7 10.Nf1 g5 11.g4 Bg6 12.Ng3 Bg7 13.h4 f6 14.h5 Bh7 15.Nh2 O-O 16.f4 gxf4
17.Bxf4 f5 18.Qd2 fxg4 19.Bxh6 Nc8 20.Bxg7 Kxg7 21.Rf1 Rxf1+ 22.Rxf1 Qh4
23.Qf4 Ne7 24.Qxd6 Rf8 25.Qe5+ Kg8 26.Qxe6+ Kg7 27.h6+  1-0

[Event "Warsaw op"]
[Site "Warsaw"]
[Date "1993.??.??"]
[Round "8"]
[White "Deszczynski, Adam"]
[Black "Sek, Zbigniew"]
[Result "0-1"]
[WhiteElo "2255"]
[BlackElo "2290"]

1.e4 c5 2.Nf3 Nc6 3.Bb5 e5 4.Bxc6 dxc6 5.d3 Bd6 6.Be3 Nf6 7.h3 c4 8.Nc3 cxd3
9.Qxd3 Qe7 10.O-O O-O 11.Rfd1 Bc7 12.Nd2 Nh5 13.Nb3 Qh4 14.Bc5 Re8 15.Bd6 Bxd6
16.Qxd6 Bxh3 17.Qd3 Bxg2  0-1

[Event "Wattens op"]
[Site "Wattens"]
[Date "1993.??.??"]
[Round "?"]
[White "Negulescu, Adrian"]
[Black "Hoellrigl, Wilfried"]
[Result "1-0"]
[WhiteElo "2435"]
[BlackElo "2250"]

1.e4 c5 2.Nf3 Nc6 3.Bb5 g6 4.O-O Bg7 5.Re1 Nf6 6.h3 O-O 7.e5 Nd5 8.Nc3 Nc7
9.Bxc6 dxc6 10.d3 Nd5 11.Ne4 b6 12.Bd2 h6 13.a3 Be6 14.b4 cxb4 15.axb4 Qd7
16.Ra3 f5 17.Ng3 f4 18.Nf1 Bxh3 19.gxh3 Qxh3 20.N1h2 g5 21.Kh1 Rf5 22.Rg1 Bxe5
23.Nxe5 Rxe5 24.c4 Nf6 25.Bxf4 Rf5 26.Be3 Rf8 27.Qf1 Qh4 28.Qg2 a5 29.bxa5 bxa5
30.Qxc6 Nh5 31.Rg4 Qh3 32.Qg2 Qxg2+ 33.Kxg2 e5 34.Rxa5 Nf6 35.Rg3 Nh5 36.Rf3 Nf4+
37.Bxf4 e4 38.Rxf5 exf3+ 39.Kg3 Rxf5 40.Be3 h5 41.Nxf3 g4 42.Ng5 Kg7 43.c5 Kg6
44.d4 Rf8 45.d5 Kf5 46.d6 Rd8 47.Nf7 Rd7 48.c6 Rxf7 49.c7  1-0

[Event "Sonnevanck"]
[Site "Wijk aan Zee"]
[Date "1993.??.??"]
[Round "3"]
[White "Bosboom, Manuel"]
[Black "Johansen, Darryl K"]
[Result "0-1"]
[WhiteElo "2440"]
[BlackElo "2495"]

1.e4 c5 2.Nf3 Nc6 3.Bb5 Nf6 4.e5 Nd5 5.O-O g6 6.Bxc6 dxc6 7.h3 Bg7 8.d3 O-O
9.Nbd2 b6 10.Re1 h6 11.Ne4 f5 12.Ng3 Be6 13.Qe2 Nc7 14.c4 Qe8 15.h4 f4 16.Nf1 Rd8
17.b3 Qf7 18.Qe4 Bf5 19.Qxf4 Ne6 20.Qg3 Rxd3 21.Be3 Rfd8 22.Rac1 Kh7 23.Re2 a5
24.Rd2 Rxd2 25.Bxd2 Rd3 26.Bc3 Be4 27.N1d2 Nf4 28.Kf1 Qf5 29.Nxe4 Qxe4 30.Qg4 Rd8
31.Re1 Qd3+ 32.Kg1 Rf8 33.Bd2 h5 34.Ng5+ Kg8 35.Qd1 Rd8 36.Nf3 Bh6 37.Qb1 Ne2+
38.Kf1 Ng3+ 39.Kg1 Bxd2 40.Nxd2 Qxd2 41.fxg3 Rd3 42.Kh2 Kg7 43.Re4 Rf3 44.a4 Qf2
45.Qe1 Qxe1 46.Rxe1 Rxb3 47.Rf1 Rb4  0-1

[Event "Wohlen op"]
[Site "Wohlen"]
[Date "1993.??.??"]
[Round "6"]
[White "Robovic, Saudin"]
[Black "Schwaegli, Bruno"]
[Result "1-0"]
[WhiteElo "2365"]
[BlackElo "2265"]

1.e4 c5 2.Nf3 Nc6 3.Bb5 g6 4.Bxc6 bxc6 5.O-O Bg7 6.Re1 Nf6 7.e5 Nd5 8.c4 Nc7
9.d4 cxd4 10.Qxd4 Ne6 11.Qh4 h6 12.Nc3 d6 13.Rd1 Ba6 14.Be3 Qc7 15.exd6 exd6
16.Ne4 Rd8 17.c5 d5 18.Nd6+ Kf8 19.Rd2 Kg8 20.Rc1 Kh7 21.Ng5+ Nxg5 22.Bxg5 Rb8
23.Bf6 Qa5 24.Qd4 Bxf6 25.Qxf6 Rhf8 26.Rd4 Qc7 27.Nf5 Rg8 28.Rh4  1-0